| 000 | 00606nam a2200205 u 4500 | ||
|---|---|---|---|
| 001 | 65498 | ||
| 005 | 20191007111023.0 | ||
| 008 | 160613s2010 mx r 000 0 spa d | ||
| 040 | _aCM |b spa |c CM | ||
| 082 |
_a861.1 _bCRU |
||
| 100 | 1 |
_aJuana Inés de la Cruz _eautor _cc Sor _d1651-1695 |
|
| 245 | 1 | 4 | _aLos empeños de una casa. |
| 264 |
_aMéxico _bFontamara _c1988 |
||
| 300 |
_a203 páginas ; _c20 cm. |
||
| 336 |
_atexto _2rdacontent _btxt |
||
| 337 |
_asin medio _2rdamedia _bn |
||
| 338 |
_avolumen _2rdacarrier _bnc |
||
| 490 | 1 | _aFontamara |v 55 | |
| 999 |
_c65498 _d65498 |
||
| 942 |
_h861.1 _iCRU _cLI |
||